La province de Berry de A à Z - Statistiques

Statistiques générales
  • Ce quiz a été pris 43 fois
  • Le résultat moyen est 7 sur 26
Statistiques - réponses
Lettre Question Réponse % Correct
C Département correspondant en partie à l'ancien Berry Cher | Creuse
95%
B Capitale historique du Berry Bourges
90%
I Département correspondant en partie à l'ancien Berry Indre
82%
L Cette légumineuse, traditionnelle cultivée dans la région, bénéficie d'un label rouge et d'une IGP Lentille
59%
N Fruit utilisé dans la région pour faire de l'huile Noix | Noisette
59%
D Le Berry en devient un en 1360 Duché
54%
S Une petite partie de cette région forestière appartenait au Berry Sologne
49%
X Il est duc de Berry avant d'être roi de France en 1774. Louis... XVI
41%
Q Vin blanc produit dans le Cher Quincy
36%
P Sous son règne, le Berry entre dans le domaine royal Philippe Auguste | Philippe II
31%
J Quel animal est un jau en Berry ? Il est traditionnellement consommé au sang Coq
23%
K Alcool autrefois produit au Blanc Kirsch
21%
A Rivière qui séparait le peuple occupant le Berry des Eduens avant la conquête de la Gaule Allier
18%
E Homme politique compagnon de Jaurès né à Vierzon (prénom et nom) Edouard Vaillant
10%
T On peut voir dans le Berry plusieurs clochers de ce type tors
10%
F Confiseries multicolores de Bourges Forestines
8%
R Roi qui au XXe siècle ampute l'Aquitaine du Berry pour le donner à la maison de Blois Raoul
8%
H Cette commune était le point le plus au sud du Berry à l'époque romaine Hérisson
5%
O Autre nom d'Austrégésile archevêque de Bourges de 597 à 624 Outrille
5%
U Construite en 1937 par Marcel Bloch à Déols Usine
5%
G Cépage du Berry Genouillet
3%
M Sorte de clafoutis traditionnel du Berry Millats | Millard
0%
V Le Pays fort correspond au canton de Vailly-sur-Sauldre
0%
W Duc d'Aquitaine ayant possédé le Berry de 744 à 768 Waïfre | Waïfer
0%
Y Château situé à Chalivoy-Milon attesté au IXe siècle Yssertieux
0%
Z Ecrivaine née à Issoudun en 1796 (prénom et nom) Zulma Carraud
0%
Aucun quiz correspondant
Distribution des résultats
% des personnes avec chaque résultat
Percentile par nombre de réponses
Votre historique - résultats
Vous n’avez pas pris ce quiz